Unit 1 Federalism Day 12 - Statistics

General Stats
  • This quiz has been taken 109 times
  • The average score is 12 of 15
Answer Stats
Hint Answer % Correct
declaring war, printing money, regulating commerce are all powers given to the __ government (national or state) national
93%
the __ clause says if there is a dispute between the national government and states the national government prevails. supremacy
93%
collecting taxes, building roads, and defining punishments are all __ powers that both the national and state government have concurrent
89%
the __ clause allows congress to create any law to do their job effectively. necessary and proper
89%
the __ clause allows congress the power to regulate and control trade commerce
85%
what branch of government has the power to declare war congress
85%
who proposes amendments and you need 2/3rds to propose congress
85%
powers given to the states found in the 10th amendment are called __ powers reserved
85%
what court case did the supreme court say congress was allowed to create a national bank that a state could not tax thanks to the supremacy clause and necessary and proper clause? It was ___ v. Maryland mcculloch
83%
returning a fugitive to the place where they broke the law is called extradition
80%
when power of the government is shared between the national and state governments is called federalism
78%
who ratifies amendments where you need 3/4ths to ratify state
78%
states must honor records from others state describes the __ clause. Example you get your drivers license in VA you can drive anywhere in the US full faith and credit
76%
a formal change to the constitution found in Article 5 is called an amendment
74%
powers that are hinted or suggested through the necessary and proper clause are called __ powers implied
70%
No matching quizzes found
Score Distribution
Percent of People with Each Score
Percentile by Number Answered
Your Score History
You have not taken this quiz